Assessing participatory democracy in Brazil and Chile An introduction /

Guardat en:
Dades bibliogràfiques
Autor principal: Silva, Patricio
Altres autors: Cleuren, Herwin
Format: Text
Etiquetes: Afegir etiqueta
Sense etiquetes, Sigues el primer a etiquetar aquest registre!

MARC

LEADER 00000 a a2200000 04500
001 41547
003
040
100 |a Silva, Patricio  
245 |a Assessing participatory democracy in Brazil and Chile   |b An introduction /  |c Patricio Silva; Herwin Cleuren  
700 |a Cleuren, Herwin 
773 |g número97 ( , 2009), páginas 1-23  
999 |c 29498  |d 29498